00633nam a22001817a 4500003000500000005001700005008004100022020003000063040002400093041001300117082001500130100004000145245011300185260005800298300002200356650003300378700004000411322820260507130844.0260507b sa ||||| |||| 00| 0 eng d a9780796128492 (paperback) aMPLbEngc3228erda aEnglidsh 0a158.1 NHLA aNhlabathi, Lindokuhle TovioeAuthor aCount your past victories: bdont despise the victories of your past challenges/cLindokuhle Tovio Nhlabathi aSouth Africa:bVolombe enterprise Publishing,c©2023 a67 pages.:c21 cm 0aTeaching BiblevChristianity aNhlabathi, Lindokuhle TovioeAuthor